000 00400cam a2200169ua 4500
020 _c30.00
041 _aeng
_h
082 _a928.23
_bCOR/SO
100 _aCordell, Richard .
245 _aSomerset Maugham /
_cRichard Cordell.
_hTextual Documents
260 _aLondon :
_bHeinemann ,
_c1962.
300 _a250 ; .
365 _a30.00
504 _a
942 _cBK
999 _c1236
_d1236